| 000 | 00690nam a2200157 a 4500 | ||
|---|---|---|---|
| 001 | 000044549 | ||
| 005 | 20250701130548.0 | ||
| 008 | 140714s2013 dr a 000 0 spa d | ||
| 040 |
_aDO-SdBNP _bspa _cBNPHU |
||
| 082 |
_axxxx _bxxxx |
||
| 111 | 2 |
_aVIII seminario de investigación científica e innovación tecnológica _n(8vo : _d21-22 de Nov. 2013 _cSanto Domingo) _972558 |
|
| 245 | 1 | 0 |
_aVIII seminario de investigación científica e innovación tecnológica / _cpresentación ; Plácido F. Gómez Ramírez. |
| 260 |
_aSanto Domingo : _bMESCYT, _c2013. |
||
| 300 |
_a64 p. : _bil., ; _c27 cm. |
||
| 710 | 1 |
_aRepública Dominicana. _bMinisterio de Educación Superior, Ciencia y Tecnología _972559 |
|
| 999 |
_c44038 _d44038 |
||